000 00442nam a2200181Ia 4500
005 20260615144440.0
008 131103s9999 xx 000 0 und d
040 _aLoreto College
041 _aEnglish
082 _a843
_bSTE
100 _aStendhal
245 _aRomans et nouvelles
_cStendhal
260 _aRussie
_bTxte etabli et annote par
_c1952
300 _a1480p.
650 _aFrench - fiction
850 _aLCLIB
942 _cBK
999 _c23941
_d74420